[Event "II. Budapest Open"]
[Site ", "]
[Date "2012.08.21"]
[Round "4"]
[White "Medve, Mark"]
[Black "Devald, Tamas"]
[Result "1-0"]
[WhiteElo "1979"]
[BlackElo "1422"]
[PlyCount "115"]
[EventDate "2012.??.??"]

1. e4 c5 2. Nf3 Nc6 3. d4 cxd4 4. Nxd4 g6 5. Nc3 Bg7 6. Be3 Nf6 7. Bc4 O-O 8.
Bb3 Ng4 9. Qxg4 Nxd4 10. Qd1 Nxb3 11. axb3 a6 12. Bd4 Bxd4 13. Qxd4 d6 14. O-O
Be6 15. f4 f5 16. Nd5 Bxd5 17. Qxd5+ Kh8 18. Qxb7 a5 19. exf5 Rxf5 20. Rfe1 e5
21. fxe5 dxe5 22. Rad1 Qb8 23. Qxb8+ Rxb8 24. Rd5 a4 25. Rdxe5 Rxe5 26. Rxe5
axb3 27. c3 Kg7 28. Kf2 Kf6 29. Re4 Kf5 30. Rb4 Rd8 31. Rxb3 Rd2+ 32. Kf3 Rc2
33. g4+ Kg5 34. Kg3 Kh6 35. h4 Kg7 36. g5 Kg8 37. Rb7 Kh8 38. Kf3 Kg8 39. Ke3
Rh2 40. Rb4 Rh3+ 41. Kd2 Rh2+ 42. Kd3 Rh3+ 43. Kc2 Rh2+ 44. Kb3 Rh3 45. Rd4 Kg7
46. Kc4 Kf8 47. Re4 Kf7 48. b4 Rh1 49. b5 Rb1 50. Kc5 Rc1 51. c4 Rf1 52. b6
Rf5+ 53. Kc6 Ra5 54. c5 Ra6 55. Kb7 Ra3 56. c6 Rd3 57. c7 Rd7 58. Kc6 1-0

[Event "II. Budapest Open"]
[Site ", "]
[Date "2012.08.21"]
[Round "4"]
[White "Mihajlova, Diana"]
[Black "Nebenfuhrer, Gyorgy"]
[Result "0-1"]
[WhiteElo "1482"]
[BlackElo "1689"]
[PlyCount "102"]
[EventDate "2012.??.??"]

1. d4 Nf6 2. Bg5 d6 3. Bxf6 gxf6 4. e3 Bg7 5. Bd3 e5 6. Ne2 f5 7. e4 f4 8. Nd2
Nc6 9. Bb5 Bd7 10. Nb3 a6 11. Bc4 Qg5 12. g3 f3 13. Ng1 Nxd4 14. Nxd4 exd4 15.
Nxf3 Qc5 16. Bb3 Bh3 17. Rg1 Bg4 18. a3 O-O-O 19. h3 Bh5 20. Qd3 Rde8 21. O-O-O
Bg6 22. Rge1 f5 23. Nd2 Re7 24. f3 Rhe8 25. Kb1 fxe4 26. fxe4 d5 27. Qf3 dxe4
28. Nxe4 Rxe4 29. Rxe4 Rxe4 30. Bf7 Bf5 31. g4 Re7 32. Qb3 Bxc2+ 33. Qxc2 Qxc2+
34. Kxc2 Rxf7 35. h4 Rf4 36. Rg1 c5 37. h5 c4 38. g5 Rf2+ 39. Kb1 d3 40. h6 Bd4
41. Rg4 Rxb2+ 42. Ka1 Bh8 43. Rxc4+ Kb8 44. g6 hxg6 45. Rc1 d2 46. Rd1 g5 47.
Rf1 Ka7 48. Rd1 g4 49. h7 g3 50. Rf1 g2 51. Rd1 Rc2+ 0-1

[Event "II. Budapest Open"]
[Site ", "]
[Date "2012.08.22"]
[Round "5"]
[White "To, Nhat Minh"]
[Black "Orosz, Andras"]
[Result "1-0"]
[WhiteElo "2287"]
[BlackElo "1948"]
[PlyCount "91"]
[EventDate "2012.??.??"]

1. d4 Nf6 2. c4 e6 3. Nf3 Bb4+ 4. Nbd2 d5 5. Qa4+ Nc6 6. e3 O-O 7. a3 Bxd2+ 8.
Bxd2 Re8 9. Be2 Ne7 10. O-O Ng6 11. Qc2 c6 12. Rad1 Bd7 13. b3 Ne4 14. Bd3 f5
15. Bc1 Rf8 16. b4 b5 17. c5 Qe7 18. Bb2 a5 19. Ne5 Nxe5 20. dxe5 Be8 21. f3
Ng5 22. a4 bxa4 23. Qxa4 Bg6 24. bxa5 Qxc5 25. Qf4 Nf7 26. a6 Qa7 27. Ra1 Rfb8
28. Bc3 c5 29. Be2 Nh6 30. Qa4 Be8 31. Qa5 Nf7 32. Rfb1 Nd8 33. Qa2 Nc6 34. Kf2
Kf7 35. f4 Bd7 36. h3 Nb4 37. Bxb4 cxb4 38. g4 fxg4 39. hxg4 d4 40. Bf3 dxe3+
41. Kg3 b3 42. Qb2 Rb4 43. Bxa8 Qxa8 44. a7 Rb7 45. Qg2 b2 46. Rxb2 1-0

[Event "II. Budapest Open"]
[Site ", "]
[Date "2012.08.22"]
[Round "5"]
[White "Antal, Attila Dr"]
[Black "Carvajal Gorgona, Jonathan"]
[Result "0-1"]
[WhiteElo "2062"]
[BlackElo "2153"]
[PlyCount "66"]
[EventDate "2012.??.??"]

1. e4 e6 2. d4 d5 3. e5 c5 4. c3 Nc6 5. Nf3 Qb6 6. a3 Nh6 7. b4 cxd4 8. cxd4
Nf5 9. Be3 f6 10. exf6 gxf6 11. Bd3 Nxe3 12. fxe3 Bh6 13. Qe2 Bd7 14. Nbd2 O-O
15. O-O Rae8 16. Nb3 e5 17. Nc5 Bc8 18. dxe5 fxe5 19. e4 a5 20. exd5 axb4 21.
Qc2 Be3+ 22. Kh1 Nd4 23. Nxd4 Bxd4 24. Na4 Qd6 25. Bxh7+ Kg7 26. Rab1 b5 27.
Be4 bxa4 28. axb4 Rxf1+ 29. Rxf1 Rf8 30. Rf3 Bg4 31. Rxf8 Qxf8 32. h3 Qf1+ 33.
Kh2 Bg1+ 0-1

[Event "II. Budapest Open"]
[Site ", "]
[Date "2012.08.22"]
[Round "5"]
[White "Yip, Michael"]
[Black "Kumala, Aleksander"]
[Result "1-0"]
[WhiteElo "2072"]
[BlackElo "1963"]
[PlyCount "69"]
[EventDate "2012.??.??"]

1. d4 c5 2. d5 f5 3. Nc3 Nf6 4. g3 g6 5. Bg2 d6 6. Nh3 Bg7 7. O-O O-O 8. e4
fxe4 9. Ng5 Na6 10. Ncxe4 Nc7 11. Nxf6+ Bxf6 12. Ne4 Bg7 13. h4 Qd7 14. c3 b5
15. h5 Bb7 16. Ng5 Rf5 17. hxg6 hxg6 18. g4 Rxd5 19. Bxd5+ Nxd5 20. f3 Bf6 21.
Qe2 e5 22. Rd1 Kg7 23. Ne4 c4 24. a4 Bd8 25. Kg2 a6 26. axb5 axb5 27. Rxa8 Bxa8
28. Kg3 Be7 29. Qh2 Nf4 30. Rh1 Bxe4 31. fxe4 Qa7 32. Qh8+ Kf7 33. Rh7+ Ke6 34.
Qg8+ Kd7 35. Rxe7+ 1-0

[Event "II. Budapest Open"]
[Site ", "]
[Date "2012.08.22"]
[Round "5"]
[White "Bellan, Istvan"]
[Black "Farkas, Richard"]
[Result "0-1"]
[WhiteElo "1938"]
[BlackElo "2116"]
[PlyCount "96"]
[EventDate "2012.??.??"]

1. e4 e6 2. d4 d5 3. Nc3 Nf6 4. Bg5 Be7 5. e5 Nfd7 6. h4 Bxg5 7. hxg5 Qxg5 8.
Nb5 Qd8 9. Qg4 g6 10. Rh3 a6 11. Ra3 Nc6 12. Qf4 Rb8 13. Rf3 O-O 14. Qh6 f6 15.
Rh3 Rf7 16. Bd3 Nf8 17. Nc3 Nxd4 18. f4 fxe5 19. fxe5 c5 20. O-O-O Qc7 21. Qg5
Qe7 22. Qg4 b5 23. Nf3 Nxf3 24. gxf3 b4 25. Rdh1 Rg7 26. Nd1 c4 27. Be2 Qc5 28.
Qg5 Qe7 29. Qe3 b3 30. axb3 cxb3 31. c3 a5 32. Nf2 a4 33. Ng4 a3 34. Nf6+ Kh8
35. Qh6 axb2+ 36. Kxb2 Ra8 37. Kc1 Ba6 38. Bxa6 Rxa6 39. Kd2 Ra2+ 40. Kd3 Qc7
41. Qf4 Qc5 42. Qb4 Qxb4 43. cxb4 Rc7 44. b5 h5 45. Ne8 Rc5 46. Nd6 Nd7 47. f4
b2 48. Rb1 Ra3+ 0-1

[Event "II. Budapest Open"]
[Site ", "]
[Date "2012.08.22"]
[Round "5"]
[White "Heyl, Thomas"]
[Black "Takacs, Kevin"]
[Result "1/2-1/2"]
[WhiteElo "2009"]
[BlackElo "1909"]
[PlyCount "59"]
[EventDate "2012.??.??"]

1. d4 Nf6 2. Nf3 d5 3. e3 e6 4. Bd3 c5 5. O-O Nc6 6. b3 Bd6 7. Bb2 O-O 8. Nbd2
cxd4 9. exd4 Nb4 10. Be2 b6 11. a3 Nc6 12. Bd3 Qc7 13. Qe2 Bb7 14. Ne5 Bxe5 15.
dxe5 Nd7 16. f4 Nc5 17. Rf3 Nxd3 18. Qxd3 Ne7 19. Rh3 h6 20. Nf3 Ng6 21. Qd2
Rac8 22. Rc1 Rfd8 23. Bd4 Qd7 24. Rg3 Ba6 25. h4 Qb5 26. h5 Ne7 27. Kf2 Nf5 28.
Rh3 Nxd4 29. Nxd4 Qc5 30. a4 1/2-1/2

[Event "II. Budapest Open"]
[Site ", "]
[Date "2012.08.22"]
[Round "5"]
[White "Balla, Attila"]
[Black "Koczo, Kristof"]
[Result "0-1"]
[WhiteElo "1749"]
[BlackElo "2233"]
[PlyCount "54"]
[EventDate "2012.??.??"]

1. d4 d5 2. c4 dxc4 3. Nf3 c5 4. d5 e6 5. Nc3 Nf6 6. e4 exd5 7. e5 Ne4 8. Qxd5
Nxc3 9. Qxd8+ Kxd8 10. bxc3 Be6 11. Bg5+ Be7 12. Bxe7+ Kxe7 13. Nd2 Nc6 14. f4
Na5 15. Be2 Rad8 16. Ne4 b6 17. Nd6 f6 18. Bf3 Rhf8 19. Rd1 fxe5 20. fxe5 Bf5
21. Bd5 Bd3 22. Rd2 b5 23. Rb2 b4 24. Kd1 bxc3 25. Rb5 Rb8 26. Nb7 Nxb7 27.
Bxb7 Rf2 0-1

[Event "II. Budapest Open"]
[Site ", "]
[Date "2012.08.22"]
[Round "5"]
[White "Nagy, Aron"]
[Black "Zoldy, Robert"]
[Result "1-0"]
[WhiteElo "2091"]
[BlackElo "1990"]
[PlyCount "111"]
[EventDate "2012.??.??"]

1. d4 d5 2. Bf4 e6 3. e3 c5 4. c3 Nf6 5. Nd2 Nc6 6. Ngf3 Bd6 7. Bg3 O-O 8. Bd3
b6 9. Ne5 Bb7 10. Ndf3 cxd4 11. exd4 Rc8 12. O-O Ne4 13. Nxc6 Bxc6 14. Bxd6
Qxd6 15. Ne5 f6 16. Nxc6 Rxc6 17. f3 Ng5 18. Qe2 e5 19. dxe5 fxe5 20. Rfe1 e4
21. fxe4 dxe4 22. Bxe4 Qc5+ 23. Kh1 Nxe4 24. Qxe4 Rcf6 25. h3 Qb5 26. Re2 h6
27. Rae1 Qc5 28. Qe5 Rf1+ 29. Rxf1 Rxf1+ 30. Kh2 Qg1+ 31. Kg3 Rf6 32. Qe4 Qd1
33. Kh2 Qd6+ 34. Qe5 Qxe5+ 35. Rxe5 Rf2 36. Rb5 Kf7 37. Kg3 Rf1 38. a4 Ra1 39.
a5 bxa5 40. Rb7+ Kf6 41. Rxa7 Ra2 42. Ra6+ Ke7 43. Rb6 a4 44. Rb7+ Kf6 45. c4
a3 46. b4 Rb2 47. b5 Rb4 48. Ra7 Rxc4 49. Rxa3 Rb4 50. Ra6+ Kf5 51. Rb6 h5 52.
Rb8 h4+ 53. Kh2 g5 54. b6 Kf6 55. b7 Kg7 56. Kg1 1-0

[Event "II. Budapest Open"]
[Site ", "]
[Date "2012.08.22"]
[Round "5"]
[White "Szepes, Tamas"]
[Black "Palla, Akos Botond"]
[Result "1-0"]
[WhiteElo "2227"]
[BlackElo "2014"]
[PlyCount "57"]
[EventDate "2012.??.??"]

1. d4 d5 2. Nf3 Nf6 3. c4 e6 4. cxd5 exd5 5. Nc3 Be7 6. Bg5 Nbd7 7. e3 c6 8.
Bd3 O-O 9. Qc2 Re8 10. O-O Nf8 11. Rab1 a5 12. a3 Ne4 13. Bf4 f5 14. Nd2 Ng6
15. Bg3 Bd6 16. Bxd6 Qxd6 17. Rbe1 Nh4 18. f3 Qg6 19. Ndxe4 fxe4 20. fxe4 Bh3
21. Re2 Qg5 22. Nd1 Bg4 23. Ref2 Bxd1 24. Qxd1 dxe4 25. Bc4+ Kh8 26. Qe2 Ng6
27. Rf5 Qd8 28. Rh5 h6 29. Bf7 1-0

[Event "II. Budapest Open"]
[Site ", "]
[Date "2012.08.22"]
[Round "5"]
[White "Kanarkiewicz, Michal"]
[Black "Mihaly, Zoltan"]
[Result "1-0"]
[WhiteElo "2076"]
[BlackElo "1756"]
[PlyCount "59"]
[EventDate "2012.??.??"]

1. e4 c5 2. Nf3 g6 3. d4 cxd4 4. Nxd4 Bg7 5. c4 Nc6 6. Be3 Nf6 7. Nc3 O-O 8.
Be2 d6 9. O-O Bd7 10. Qd2 Rc8 11. f3 Nxd4 12. Bxd4 b6 13. Rac1 Bc6 14. Rfd1 Bb7
15. b4 Ba6 16. c5 Bxe2 17. Qxe2 bxc5 18. bxc5 Qa5 19. cxd6 exd6 20. Qb5 Qc7 21.
Be3 Qe7 22. Qa6 d5 23. Qxc8 Rxc8 24. Nxd5 Qa3 25. Rxc8+ Bf8 26. Bh6 Nd7 27.
Nf6+ Nxf6 28. Rdd8 Nd7 29. Rxd7 Qb4 30. Rxf8+ 1-0

[Event "II. Budapest Open"]
[Site ", "]
[Date "2012.08.22"]
[Round "5"]
[White "Bodrogi, Laszlo"]
[Black "Toth, Sarolta"]
[Result "1/2-1/2"]
[WhiteElo "2043"]
[BlackElo "2192"]
[PlyCount "85"]
[EventDate "2012.??.??"]

1. e4 e5 2. Nf3 Nc6 3. Bb5 Nf6 4. O-O Nxe4 5. d4 Nd6 6. Bxc6 dxc6 7. dxe5 Nf5
8. Qxd8+ Kxd8 9. Nc3 Ne7 10. Bg5 Ke8 11. h3 h6 12. Bd2 Bf5 13. Nd4 Rd8 14. Nxf5
Rxd2 15. Ne3 Nd5 16. Ncxd5 cxd5 17. Rfd1 Rxd1+ 18. Rxd1 c6 19. c4 Bc5 20. cxd5
Bxe3 21. fxe3 cxd5 22. Rxd5 Ke7 23. Kf2 Rc8 24. Kf3 Rc2 25. Rb5 b6 26. a4 Kd7
27. a5 Kc6 28. axb6 axb6 29. Rb4 b5 30. Rf4 Rxb2 31. Rxf7 b4 32. Rxg7 b3 33.
Rg6+ Kc5 34. e6 Ra2 35. e7 Ra8 36. Ra6 Re8 37. Ra7 Kc4 38. Ke2 b2 39. Rb7 Kc3
40. g4 Kc2 41. Rc7+ Kb3 42. Rb7+ Kc2 43. Rc7+ 1/2-1/2

[Event "II. Budapest Open"]
[Site ", "]
[Date "2012.08.22"]
[Round "5"]
[White "Gubics, Peter"]
[Black "Szlenka, Attila"]
[Result "1-0"]
[WhiteElo "2149"]
[BlackElo "1736"]
[PlyCount "61"]
[EventDate "2012.??.??"]

1. Nf3 Nf6 2. c4 g6 3. g3 Bg7 4. Bg2 O-O 5. O-O d6 6. Nc3 c5 7. d3 Nc6 8. Bd2
Bd7 9. Rb1 Qc8 10. Re1 Bh3 11. Bh1 h6 12. a3 a5 13. Nb5 Qd7 14. Bc3 e5 15. Nd2
Nd4 16. Bxd4 exd4 17. b4 axb4 18. axb4 Rfe8 19. Ra1 Bf8 20. Nb3 Rxa1 21. Qxa1
Bg4 22. Qa2 Bf5 23. Qd2 b6 24. Ra1 Qe7 25. Nc1 Ng4 26. Ra7 Qf6 27. Nc7 Rb8 28.
Bf3 Qg5 29. Qxg5 hxg5 30. b5 Nf6 31. Nd5 1-0

[Event "II. Budapest Open"]
[Site ", "]
[Date "2012.08.22"]
[Round "5"]
[White "Furedi, Erik"]
[Black "Ruck, Robert"]
[Result "1/2-1/2"]
[WhiteElo "1732"]
[BlackElo "2009"]
[PlyCount "78"]
[EventDate "2012.??.??"]

1. e4 c5 2. Nf3 e6 3. d4 cxd4 4. Nxd4 a6 5. Nc3 Qc7 6. a3 Nf6 7. Be3 d6 8. Be2
b5 9. Qd2 Bb7 10. f3 Nbd7 11. O-O Be7 12. Rad1 d5 13. exd5 Nxd5 14. Nxd5 Bxd5
15. Nf5 Bf6 16. Qb4 exf5 17. Rxd5 Be7 18. Qd2 Nf6 19. Bf4 Qb6+ 20. Be3 Qe6 21.
Rd3 O-O 22. Bg5 Bc5+ 23. Be3 Qb6 24. b4 Bxe3+ 25. Qxe3 Qc6 26. Qd2 Rfe8 27. Rd1
Rac8 28. c3 Qe6 29. Bf1 Qb6+ 30. Kh1 h6 31. Rd6 Rc6 32. Rxc6 Qxc6 33. Qd4 Rc8
34. Rc1 Nd5 35. c4 Nb6 36. c5 Nd5 37. Rd1 Rd8 38. a4 Rd7 39. axb5 axb5 1/2-1/2

[Event "II. Budapest Open"]
[Site ", "]
[Date "2012.08.22"]
[Round "5"]
[White "Kozma, Gabor"]
[Black "Schatzer, Andras"]
[Result "1-0"]
[WhiteElo "1959"]
[BlackElo "1729"]
[PlyCount "109"]
[EventDate "2012.??.??"]

1. e4 c5 2. Nf3 Nc6 3. d4 cxd4 4. Nxd4 g6 5. Nc3 Bg7 6. Be3 Nf6 7. Nxc6 bxc6 8.
e5 Nd5 9. Nxd5 cxd5 10. Qxd5 Rb8 11. Bd4 Bb7 12. Qc5 O-O 13. Qc3 Rc8 14. Qd2
Be4 15. c3 f6 16. exf6 Bxf6 17. Bxf6 Rxf6 18. f3 Rd6 19. Qe3 Bf5 20. Be2 Re6
21. Qd4 Qa5 22. Kf2 Rxe2+ 23. Kxe2 Qb5+ 24. Kf2 Qxb2+ 25. Kg3 Rxc3 26. Rhd1
Qb8+ 27. Kf2 Qb2+ 28. Kg1 Qa3 29. Qe5 Rc8 30. Re1 Be6 31. Re3 Qa6 32. a3 Qb6
33. Kh1 Rc5 34. Qe4 Qb8 35. Ree1 Rh5 36. f4 Rf5 37. Rf1 Bd5 38. Qb4 Qf8 39.
Rac1 Bc6 40. Qd4 Qb8 41. Rb1 Qc7 42. Kg1 e6 43. Rb4 a5 44. Rb2 Rd5 45. Qe3 Qd6
46. Qb6 Qxa3 47. Qd8+ Qf8 48. Qc7 Rb5 49. Rxb5 Bxb5 50. Rb1 Qf5 51. Qb8+ Kf7
52. Qxb5 d5 53. Qd7+ Kf6 54. Qd8+ Kg7 55. Qe7+ 1-0

[Event "II. Budapest Open"]
[Site ", "]
[Date "2012.08.22"]
[Round "5"]
[White "Indig, Akos"]
[Black "Terbe, Julianna"]
[Result "0-1"]
[WhiteElo "1349"]
[BlackElo "1895"]
[PlyCount "74"]
[EventDate "2012.??.??"]

1. Nf3 Nf6 2. g3 g6 3. Bg2 Bg7 4. d3 d6 5. O-O c5 6. c4 Nc6 7. a3 Bd7 8. Bd2
Qc7 9. Bc3 O-O 10. Nbd2 a5 11. Qc2 a4 12. e3 Na5 13. Rab1 Ra6 14. Rfe1 b5 15.
e4 Rb8 16. e5 Ne8 17. exd6 exd6 18. Bxg7 Nxg7 19. Ng5 Bc6 20. Bxc6 Qxc6 21.
cxb5 Qxb5 22. Re7 Re8 23. Rbe1 Rxe7 24. Rxe7 Nf5 25. Rxf7 h6 26. Rxf5 gxf5 27.
Ne6 Qd7 28. Nf4 Ra8 29. Nd5 Qb7 30. Nc3 Nb3 31. Nxb3 axb3 32. Qd2 Re8 33. Ne2
Kh7 34. Nf4 Qe7 35. Ng2 Qe2 36. Qxe2 Rxe2 37. Ne3 Rxb2 0-1

[Event "II. Budapest Open"]
[Site ", "]
[Date "2012.08.22"]
[Round "5"]
[White "Dal Bianco, Nicola"]
[Black "Lakat, Gyula"]
[Result "1-0"]
[WhiteElo "1705"]
[BlackElo "1896"]
[PlyCount "105"]
[EventDate "2012.??.??"]

1. c4 f5 2. d4 Nf6 3. Nc3 g6 4. Nf3 Bg7 5. Bg5 O-O 6. e3 d6 7. Be2 Nbd7 8. O-O
h6 9. Bf4 g5 10. Bg3 b6 11. d5 Nc5 12. Nd4 Bd7 13. f3 a5 14. Qc2 Nh5 15. Bf2 e5
16. dxe6 Bxe6 17. Nxe6 Nxe6 18. Bd3 Bxc3 19. Qxc3 Qf6 20. Qd2 Nhg7 21. Rad1 Nc5
22. Bb1 Na4 23. Qd5+ Qf7 24. Qxf7+ Rxf7 25. Rd2 Ne6 26. e4 f4 27. Re1 Nac5 28.
e5 dxe5 29. Rxe5 Rf6 30. h3 Kf7 31. Rd1 Re8 32. Be1 Ng7 33. Rxe8 Nxe8 34. Kf2
Rd6 35. Rxd6 Nxd6 36. b3 Ne6 37. Bc3 c5 38. Be5 Ke7 39. g4 fxg3+ 40. Kxg3 Nd4
41. Kg4 Nf7 42. Bc7 b5 43. cxb5 Nxb5 44. Bxa5 Nd4 45. Be4 Kf6 46. Bc7 Ne6 47.
Bb8 Ng7 48. a4 h5+ 49. Kg3 Ne5 50. Bxe5+ Kxe5 51. a5 Ne6 52. a6 Nc7 53. a7 1-0

[Event "II. Budapest Open"]
[Site ", "]
[Date "2012.08.22"]
[Round "5"]
[White "Szalai, Krisztian"]
[Black "Kalmar, Karoly"]
[Result "1/2-1/2"]
[WhiteElo "1710"]
[BlackElo "1920"]
[PlyCount "71"]
[EventDate "2012.??.??"]

1. e4 c5 2. Nf3 e6 3. Nc3 a6 4. d4 cxd4 5. Nxd4 d6 6. Be3 Nf6 7. h3 Be7 8. Qf3
O-O 9. Rd1 Qc7 10. Be2 Nbd7 11. Qg3 Kh8 12. Nf3 b5 13. a3 Bb7 14. Bd3 Rac8 15.
O-O Ne5 16. Rc1 Nc4 17. Nd2 Nxe3 18. Qxe3 d5 19. exd5 Nxd5 20. Nxd5 Bxd5 21. c4
bxc4 22. Bxc4 Qb7 23. Bxd5 Qxd5 24. Nf3 Bf6 25. Qe2 a5 26. Rb1 a4 27. Rfd1 Qa2
28. Ne5 Bxe5 29. Qxe5 Rcd8 30. Qe2 Rb8 31. Qc2 Rfc8 32. Qxa4 Rxb2 33. Rxb2 Qxb2
34. Qd7 Rf8 35. a4 h6 36. Qb5 1/2-1/2

[Event "II. Budapest Open"]
[Site ", "]
[Date "2012.08.22"]
[Round "5"]
[White "Papp, Andrea"]
[Black "Di Giovanni, Vilmos"]
[Result "0-1"]
[WhiteElo "1621"]
[BlackElo "1838"]
[PlyCount "88"]
[EventDate "2012.??.??"]

1. d4 d5 2. Nf3 e6 3. Bf4 c6 4. c3 Be7 5. e3 f5 6. Nbd2 Nf6 7. Ne5 O-O 8. Bd3
Nbd7 9. Ndf3 Ne4 10. Nxd7 Bxd7 11. h4 Be8 12. Ne5 Bxh4 13. g3 Bf6 14. Nf3 g5
15. Be5 g4 16. Bxf6 Qxf6 17. Ne5 h5 18. Qc2 Kg7 19. O-O-O Ng5 20. Qe2 Ne4 21.
Bc2 Rh8 22. Rh4 Ng5 23. Rdh1 Qd8 24. Qd3 Ne4 25. Qe2 Qa5 26. a3 c5 27. Bxe4
dxe4 28. Qc4 Kf6 29. dxc5 Rd8 30. Nxg4+ fxg4 31. Rxg4 hxg4 32. Rxh8 Bg6 33.
Rxd8 Qxd8 34. Qd4+ Qxd4 35. exd4 e3 36. fxe3 Kf5 37. Kd2 Ke4 38. Ke2 Be8 39. c4
Ba4 40. b4 Bb3 41. a4 Bxc4+ 42. Kf2 Bb3 43. a5 Ba4 44. Ke2 a6 0-1

[Event "II. Budapest Open"]
[Site ", "]
[Date "2012.08.22"]
[Round "5"]
[White "Toth-Katona, Tamas"]
[Black "Szonyi, Bence"]
[Result "1-0"]
[WhiteElo "1859"]
[BlackElo "1614"]
[PlyCount "97"]
[EventDate "2012.??.??"]

1. e4 c5 2. Nc3 e6 3. f4 d5 4. e5 d4 5. Ne4 f5 6. Ng3 Nc6 7. Be2 Bd7 8. d3 Qa5+
9. Bd2 Qb6 10. Rb1 Nge7 11. Bf3 g6 12. N1e2 Nb4 13. a3 Nbd5 14. c4 Nc7 15. b4
a5 16. bxa5 Qa7 17. Rxb7 Qa6 18. Rxc7 Rb8 19. O-O Kd8 20. Rxd7+ Kxd7 21. Qc2
Nc6 22. Rb1 Be7 23. Bxc6+ Qxc6 24. a4 Rxb1+ 25. Qxb1 Qxa4 26. Qb7+ Ke8 27. Qb5+
Qxb5 28. cxb5 Kd7 29. Nc1 Rc8 30. Nge2 c4 31. Nxd4 Bc5 32. Be3 Bxd4 33. Bxd4 c3
34. a6 c2 35. b6 Kc6 36. b7 Rd8 37. Ba7 Kc7 38. b8=Q+ Rxb8 39. Bxb8+ Kxb8 40.
Kf2 Ka7 41. Ke2 Kxa6 42. Kd2 Kb5 43. Kxc2 h6 44. Kc3 g5 45. Ne2 Kc5 46. g3 Kd5
47. Nd4 gxf4 48. gxf4 h5 49. h4 1-0

[Event "II. Budapest Open"]
[Site ", "]
[Date "2012.08.22"]
[Round "5"]
[White "Szurkos, Andras"]
[Black "Csermely, Zoltan"]
[Result "1-0"]
[WhiteElo "1783"]
[BlackElo "1686"]
[PlyCount "95"]
[EventDate "2012.??.??"]

1. e4 c5 2. Nf3 d6 3. d4 cxd4 4. Nxd4 Nf6 5. Nc3 a6 6. Be2 e6 7. O-O Be7 8. Be3
O-O 9. Rc1 b5 10. f3 Bb7 11. Bd3 Nbd7 12. b3 Rc8 13. Nce2 Qa5 14. a4 b4 15. Ng3
Ne5 16. Be2 d5 17. f4 Ned7 18. e5 Ne4 19. Qe1 Nxg3 20. Qxg3 Rc3 21. Qf2 Qc7 22.
Bd2 Bc5 23. Bxc3 bxc3 24. Rfd1 Qb6 25. Kh1 f6 26. exf6 Nxf6 27. Qe3 Ne4 28. Bf3
Rd8 29. Rd3 a5 30. Bg4 Bc8 31. Rcd1 Rd6 32. g3 Ba6 33. Rxc3 Nxc3 34. Qxc3 Bb4
35. Qe3 Bc8 36. f5 Rd8 37. fxe6 Re8 38. Qe5 Bd6 39. Qf5 Rf8 40. Qg5 Bb7 41. Kg2
Rf6 42. Bf3 Qc5 43. c4 Qa3 44. Nf5 Bf8 45. e7 Qb2+ 46. Kh3 Bc8 47. exf8=Q+ Kxf8
48. Qxg7+ 1-0

[Event "II. Budapest Open"]
[Site ", "]
[Date "2012.08.22"]
[Round "5"]
[White "Czegledi, Barna Jr"]
[Black "Terbe, Zsuzsanna"]
[Result "1-0"]
[WhiteElo "1799"]
[BlackElo "1748"]
[PlyCount "37"]
[EventDate "2012.??.??"]

1. e4 e6 2. d4 d5 3. Nc3 Bb4 4. a3 Bxc3+ 5. bxc3 dxe4 6. Qg4 Nf6 7. Qxg7 Rg8 8.
Qh6 Nbd7 9. a4 a5 10. Bg5 Rg6 11. Qh4 Qe7 12. Be2 Qf8 13. Nh3 Nd5 14. Nf4 Rg8
15. Nxd5 exd5 16. Bf4 Qg7 17. Bxc7 f6 18. Bh5+ Ke7 19. Qf4 1-0

[Event "II. Budapest Open"]
[Site ", "]
[Date "2012.08.22"]
[Round "5"]
[White "Devald, Peter"]
[Black "Zahonyi Abel, Mark"]
[Result "1-0"]
[WhiteElo "1563"]
[BlackElo "1815"]
[PlyCount "107"]
[EventDate "2012.??.??"]

1. e4 e6 2. d4 d5 3. Nc3 Nf6 4. Bg5 Be7 5. e5 Nfd7 6. Bxe7 Qxe7 7. f4 O-O 8.
Nf3 c5 9. Nb5 a6 10. Nd6 Nc6 11. c3 cxd4 12. cxd4 f6 13. Bd3 f5 14. O-O Nd8 15.
Qb3 Nc6 16. Bxf5 Kh8 17. Bxe6 Ndxe5 18. fxe5 Bxe6 19. Qxb7 Qxb7 20. Nxb7 Bg4
21. Rac1 Ne7 22. b3 Nf5 23. Rfd1 Rf7 24. Nc5 Bxf3 25. gxf3 Nh4 26. Nxa6 Nxf3+
27. Kh1 h5 28. Nb4 Rb7 29. Kg2 Nh4+ 30. Kh3 Rxb4 31. Kxh4 Rxa2 32. Kxh5 Rxh2+
33. Kg6 Rh6+ 34. Kf7 Rb7+ 35. Ke8 Kg8 36. Kd8 Ra6 37. Rc7 Ra8+ 38. Kd7 Rxb3 39.
Rc8+ Rxc8 40. Kxc8 Rb6 41. Kd7 Ra6 42. Re1 Ra7+ 43. Ke6 Ra5 44. Rc1 Kh7 45. Kd7
Ra4 46. e6 Rxd4 47. e7 Re4 48. e8=Q Rxe8 49. Kxe8 Kg6 50. Rd1 Kh5 51. Rg1 g5
52. Kf7 Kh4 53. Kf6 g4 54. Kf5 1-0

[Event "II. Budapest Open"]
[Site ", "]
[Date "2012.08.22"]
[Round "5"]
[White "Romhanyi, Mihaly"]
[Black "Medve, Mark"]
[Result "0-1"]
[WhiteElo "1455"]
[BlackElo "1979"]
[PlyCount "48"]
[EventDate "2012.??.??"]

1. e4 c5 2. c3 e5 3. Bc4 Nf6 4. Qb3 Qe7 5. Nf3 Nc6 6. Bxf7+ Qxf7 7. Qc2 Qg6 8.
O-O Qxe4 9. d3 Qg6 10. Re1 d6 11. Bg5 Be7 12. Nbd2 O-O 13. Bxf6 Rxf6 14. Ne4
Rxf3 15. Qb3+ Rf7 16. Re3 Qe6 17. c4 Nd4 18. Qd1 Bd7 19. Rg3 Bc6 20. b3 Raf8
21. Qd2 Bxe4 22. dxe4 Rxf2 23. Qxf2 Rxf2 24. Kxf2 Bh4 0-1

[Event "II. Budapest Open"]
[Site ", "]
[Date "2012.08.22"]
[Round "5"]
[White "Nebenfuhrer, Gyorgy"]
[Black "Karacsonyi, Kata"]
[Result "1-0"]
[WhiteElo "1689"]
[BlackElo "1238"]
[PlyCount "71"]
[EventDate "2012.??.??"]

1. Nf3 Nc6 2. d4 d5 3. c4 Nf6 4. cxd5 Nxd5 5. e4 Nb6 6. d5 Nb4 7. a3 Na6 8. Nc3
Bg4 9. Bxa6 bxa6 10. Qd3 e6 11. Ne5 Bh5 12. Qh3 Bg6 13. dxe6 Qf6 14. exf7+ Bxf7
15. Nxf7 Qxf7 16. O-O Bc5 17. Be3 Bd6 18. Rad1 O-O 19. f4 Nc4 20. Bc1 Rad8 21.
e5 Bc5+ 22. Kh1 Rb8 23. b4 Bb6 24. Nd5 Nxe5 25. Nxb6 axb6 26. Rfe1 Nc4 27. Rd7
Qf6 28. Rxc7 Nd6 29. Qd3 Nb5 30. Qb3+ Kh8 31. Rxg7 Qh4 32. Rge7 Nd4 33. Qd3 Nf5
34. Bb2+ Kg8 35. Qd5+ Rf7 36. Qxf7# 1-0

[Event "II. Budapest Open"]
[Site ", "]
[Date "2012.08.22"]
[Round "5"]
[White "Bolgar, Janka"]
[Black "Karacsonyi, Gellert"]
[Result "0-1"]
[WhiteElo "1398"]
[BlackElo "1461"]
[PlyCount "64"]
[EventDate "2012.??.??"]

1. e4 e6 2. d4 d5 3. Nc3 Bb4 4. exd5 exd5 5. Bd2 Nf6 6. Nf3 O-O 7. Bd3 Re8+ 8.
Ne2 Bxd2+ 9. Qxd2 Bg4 10. Ne5 Bxe2 11. Bxe2 c5 12. O-O cxd4 13. Qxd4 Nc6 14.
Nxc6 bxc6 15. Bf3 Qd6 16. c4 Rad8 17. cxd5 cxd5 18. Rfe1 a5 19. Rad1 h6 20.
Rxe8+ Rxe8 21. Bxd5 Nxd5 22. h3 Re6 23. g3 Qd7 24. Kh2 Rd6 25. a3 Qd8 26. b4
axb4 27. axb4 Rd7 28. b5 Nf6 29. Qa4 Rxd1 30. Qf4 Qa8 31. f3 Qa2+ 32. Qd2 Qxd2#
0-1

[Event "II. Budapest Open"]
[Site ", "]
[Date "2012.08.22"]
[Round "5"]
[White "B. Kiss, Tamas"]
[Black "Gorog, Almos"]
[Result "1-0"]
[WhiteElo "1526"]
[BlackElo "1435"]
[PlyCount "79"]
[EventDate "2012.??.??"]

1. d4 Nf6 2. c4 g6 3. Nc3 d5 4. cxd5 Nxd5 5. e4 Nxc3 6. bxc3 Bg7 7. Nf3 c5 8.
Bd2 cxd4 9. cxd4 Bg4 10. Qa4+ Bd7 11. Bb5 Bxb5 12. Qxb5+ Qd7 13. Qxd7+ Nxd7 14.
Rc1 Nf6 15. e5 Nd5 16. O-O O-O 17. Rfe1 e6 18. Ng5 Rfc8 19. Ne4 b6 20. Nd6 Rc7
21. Rxc7 Nxc7 22. Re3 Bh6 23. Rd3 Bxd2 24. Rxd2 Ne8 25. Nxe8 Rxe8 26. f4 Kf8
27. Kf2 f5 28. Ke3 Rd8 29. Rc2 Rd7 30. g3 Ke7 31. h4 h5 32. Rc6 b5 33. Kd3 Rb7
34. Kc3 Kd7 35. Rc5 a5 36. d5 Rb6 37. dxe6+ Kxe6 38. Kb3 Kd7 39. a4 Rc6 40.
Rxb5 1-0

[Event "II. Budapest Open"]
[Site ", "]
[Date "2012.08.22"]
[Round "5"]
[White "Bella, Zsolt"]
[Black "Mihajlova, Diana"]
[Result "0-1"]
[WhiteElo "1369"]
[BlackElo "1482"]
[PlyCount "46"]
[EventDate "2012.??.??"]

1. c4 e5 2. g3 Nc6 3. Bg2 f5 4. Bxc6 dxc6 5. e3 Nf6 6. Nc3 Bd6 7. Qb3 f4 8.
exf4 Qe7 9. d3 exf4+ 10. Nce2 Bc5 11. Nf3 fxg3 12. hxg3 Ng4 13. d4 Bb4+ 14. Nd2
Be6 15. Qd3 Rf8 16. f3 Bf5 17. Qb3 Ne3 18. c5 Bxd2+ 19. Kxd2 Nc2 20. Rb1 O-O-O
21. Kc3 Qxe2 22. Qc4 Qxf3+ 23. Kd2 Rxd4+ 0-1